| 000 | 00842 a2200217 4500 | ||
|---|---|---|---|
| 003 | UA-OsUOA | ||
| 005 | 20230412160533.0 | ||
| 008 | 230412b un ||||| |||| 00| 0 ukr d | ||
| 040 |
_aUA-OsUOA _bukr _cUA-OsUOA _dUA-OsUOA |
||
| 041 | _aukr | ||
| 080 | _a159.9:376 | ||
| 090 |
_a159.9:376 _bР64 |
||
| 111 | _d18–20 листопада 2021 року | ||
| 245 |
_aРозвиток обдарованої особистості: світовий та вітчизняний контексти _bматеріали методологічного семінару |
||
| 260 |
_aК. _bІОД _c2021 |
||
| 300 | _a620 с. | ||
| 650 |
_2UDC _a159.9 Психологія |
||
| 942 |
_cBK _2udc |
||
| 955 | _a1 | ||
| 999 |
_c574160 _d574160 |
||